00489 a2200169 450000100060000002000180000604000220002410000220004624000320006824500270010030000080012736200090013565000350014494200070017995201160018699900170030259817 a9783551352972 cAnchieta - Pituba aGoudge, Elizabeth10aDas kleine weibe Pferdlpor10aDas kleine weibe Pferd a3440 a1995 4aLiteratura juvenil em alemàƒo cBK 00104070a91.1b91.1d2023-11-21l0oLJ 028.543 G688k GOU KLEp11279/PITr2023-11-21 18:27:54w2023-11-21yBK c59817d59817